logo

Bir Sreshtho Munshi Abdur Rouf Library
Jhenaidah Cadet College

গোয়েন্দা সংস্থার সাবেক প্রধানদের কথা বাংলাদেশের ‘র’ : (Record no. 12856)

MARC details
000 -LEADER
fixed length control field 00920nam a2200229 a 4500
001 - CONTROL NUMBER
JCCL Control Number 12856
003 - CONTROL NUMBER IDENTIFIER
JCCL marc code BD-JhCC
005 - DATE AND TIME OF LATEST TRANSACTION
control field 20230521093858.0
008 - FIXED-LENGTH DATA ELEMENTS--GENERAL INFORMATION
fixed length control field 230521s20032001b a|||| |||| 000 0 b d
020 ## - INTERNATIONAL STANDARD BOOK NUMBER
International Standard Book Number 9843114388
035 ## - SYSTEM CONTROL NUMBER
system control number (BD-JhCC)12856
040 ## - CATALOGING SOURCE
Original cataloging agency BD-JhCC
Modifying agency BD-JhCC
041 ## - LANGUAGE CODE
Language code of Book ben
082 ## - DEWEY DECIMAL CLASSIFICATION NUMBER
Classification number 327.1256
Author mark and Year ABU 2003
100 ## - MAIN ENTRY--PERSONAL NAME
Personal name আবু রূশদ
245 ## - TITLE STATEMENT
Title গোয়েন্দা সংস্থার সাবেক প্রধানদের কথা বাংলাদেশের ‘র’ :
Remainder of title আগ্রাসী গুপ্তচরবৃত্তির স্বরূপ সন্ধান /
Statement of responsibility, etc আবু রূশদ
260 ## - PUBLICATION, DISTRIBUTION, ETC. (IMPRINT)
Place of publication, distribution, etc ঢাকা :
Name of publisher, distributor, etc জিনাফ,
Date of publication, distribution, etc ২০০৩
300 ## - PHYSICAL DESCRIPTION
Pagination ২৮৮ পৃ. :
Other physical details চিত্রাবলী,
Dimensions ২১ সেমি.
650 ## - SUBJECT ADDED ENTRY--TOPICAL TERM
Topical term or geographic name as entry element Intelligence service
Geographic subdivision Asia
650 ## - SUBJECT ADDED ENTRY--TOPICAL TERM
Topical term or geographic name as entry element RAW (Research and Analysis Wing)
942 ## - ADDED ENTRY ELEMENTS (KOHA)
Source of classification or shelving scheme Dewey Decimal Classification
Koha item type Books
Holdings
Source of classification or shelving scheme Damaged status Not for loan Home library Current library Shelving location Date of accession Source of acquisition Cost, normal purchase price Full call number Barcode Date last seen Copy number Method of acquisition Koha item type Currency
Dewey Decimal Classification     JCC Rouf Library JCC Rouf Library General Stacks 05/21/2023 Major General Md. Shafeenul Islam.ndc,psc 300.00 327.1256 ABU 2003 17613 05/21/2023 C-1 Gift/Donation Books BDT

JCC Library | Contacts | JCC Home

Last Update on 23 September 2017
Copyright @ 2017-2020 JCC Rouf Library
Rouf Library, Jhenidah Cadet College (JCC), Bangladesh